| 000 | 01338nam a22003497a 4500 | ||
|---|---|---|---|
| 001 | 00600 | ||
| 003 | DO-SdBNP | ||
| 005 | 20221006113718.0 | ||
| 008 | 160630b2004 sp | 00| 0 spa d | ||
| 020 | _a9788489384538 | ||
| 040 |
_aBPMSU _bspa _cBPMSU |
||
| 082 |
_a808.83 _bL967n 2003 _222 |
||
| 092 |
_a _b _2 |
||
| 100 | 1 |
_aLurie, Alison, _d1926- _4 |
|
| 245 | 1 | 0 |
_aNiños y niñas eternamente : _blos clásicos infantiles desde Cenicienta hasta Harry Potter / _cAlison Lurie ; traducción José Miguel Guggenheimer |
| 260 |
_aMadrid : _bFundación Germán Sánchez Ruipérez, _c2004. |
||
| 300 |
_a286 p. : _c23 cm. |
||
| 490 | 0 | _aEl árbol de la memoria | |
| 500 | _aIncluye índice analítico | ||
| 504 | _aBibliografías p. 263-272 | ||
| 534 |
_aTítulo original : _tBoys and Girls Forever. Children's classics from Cinderella to Harry Potter. |
||
| 590 | _6Inventariado, 2022/VM | ||
| 600 | 1 | 4 |
_aAndersen, Hans Christian, _d1805-1875 _xCrítica e interpretación . |
| 650 | 4 |
_aCuentos de aventuras _vColecciones |
|
| 650 | 4 |
_aNiños _xLibros y lectura. |
|
| 650 | 4 |
_aLiteratura infantil _vColecciones de escritos. |
|
| 650 | 4 |
_xHistoria y crítica. _aLiteratura infantil |
|
| 700 | 1 |
_aGuggenheimer, José Miguel, _etr. |
|
| 710 | 2 | _aFundación Germán Sánchez Ruipérez, | |
| 910 | _aVMateo V./Validado | ||
| 942 |
_2ddc _cBK |
||
| 999 |
_c10643 _d10643 |
||